000
00291nam a22001337a 4500
008
170216b xxu||||| |||| 00| 0 eng d
020
_a
0899703887
041
_a
eng
080
_a
6
100
_a
4
101
_a
SHM
245
_a
GRAND ROUNDS MEDICAL MALPRACTICE
_c
CAMPION
942
_2
udc
_c
BK
999
_c
5668
_d
5668